[Event "Mondariz 03"]
[Site "Mondariz"]
[Date "1996.??.??"]
[Round "2"]
[White "Vallejo Pons, Francisco"]
[Black "Cubas Pons, Juan Miguel"]
[Result "1/2-1/2"]
[WhiteElo "2355"]
[BlackElo "2165"]
[PlyCount "147"]
[EventDate "1996.03.??"]
[EventType "tourn"]
[EventRounds "9"]
[EventCountry "ESP"]
[EventCategory "4"]
[SourceTitle "EXT 2004"]
[Source "ChessBase"]
[SourceDate "2003.11.25"]
[SourceVersion "1"]
[SourceVersionDate "2003.11.25"]
[SourceQuality "1"]

1. e4 e5 2. Nf3 Nc6 3. Bc4 Nf6 4. d3 d6 5. Ng5 d5 6. exd5 Nxd5 7. Nc3 Bb4 8.
Qh5 g6 9. Qh6 Bf8 10. Qh4 Be6 11. Qg3 Bb4 12. Nxe6 fxe6 13. Bd2 Qd7 14. O-O
O-O-O 15. Bb5 Nde7 16. Bg5 Rdf8 17. Bxe7 Bxe7 18. Rae1 Rf5 19. Qe3 Rhf8 20. Qe4
Bc5 21. Bxc6 bxc6 22. Re2 Bd4 23. Qg4 Rf4 24. Qh3 g5 25. Ne4 g4 26. Qh4 Rg8 27.
g3 Rf5 28. Nf6 Rxf6 29. Qxf6 Bxb2 30. Re4 Bd4 31. Kg2 Qd5 32. Qf7 Rd8 33. Qxh7
Qxa2 34. Rxg4 Qd5+ 35. Qe4 a5 36. h4 Qc5 37. Qg6 Qd5+ 38. Qe4 Qc5 39. Qe1 a4
40. c3 Bxc3 41. Qb1 a3 42. Rc4 Qd5+ 43. Kg1 Bd4 44. Qd1 a2 45. Ra4 e4 46. Ra8+
Kd7 47. dxe4 Qc5 48. Rxd8+ Kxd8 49. Qd3 Ke8 50. h5 a1=Q 51. Rxa1 Bxa1 52. h6
Qc3 53. Qd1 c5 54. Kg2 Qe5 55. Qa4+ Kf7 56. f4 Qd4 57. Qc6 Qd6 58. Qa8 Qd1 59.
h7 Qe2+ 60. Kh3 Qh5+ 61. Kg2 Qxh7 62. Qxa1 Qxe4+ 63. Kh2 c4 64. Qa5 Qc2+ 65.
Kg1 c3 66. Qxc7+ Kg6 67. Qe5 Qd1+ 68. Kf2 Qd2+ 69. Kf3 Qd5+ 70. Qxd5 exd5 71.
Ke2 Kf5 72. Ke3 d4+ 73. Kd3 Kg4 74. Kc2 1/2-1/2

[Event "Mondariz 03"]
[Site "Mondariz"]
[Date "1996.??.??"]
[Round "3"]
[White "Cubas Pons, Juan Miguel"]
[Black "Del Rey, Diego"]
[Result "1-0"]
[WhiteElo "2260"]
[BlackElo "2350"]
[PlyCount "61"]
[EventDate "1996.03.??"]
[EventType "tourn"]
[EventRounds "9"]
[EventCountry "ESP"]
[EventCategory "4"]
[SourceTitle "EXT 2004"]
[Source "ChessBase"]
[SourceDate "2003.11.25"]
[SourceVersion "1"]
[SourceVersionDate "2003.11.25"]
[SourceQuality "1"]

1. Nf3 Nf6 2. c4 g6 3. Nc3 Bg7 4. g3 O-O 5. Bg2 d6 6. O-O c6 7. d4 Qa5 8. Qd2
Qa6 9. b3 b5 10. cxb5 cxb5 11. Qd3 b4 12. Ne1 bxc3 13. Bxa8 d5 14. Bg5 Bh3 15.
Ng2 Qd6 16. Bxf6 Bxf6 17. Qxc3 Qb6 18. Rad1 e6 19. e4 Na6 20. Qc6 Nb4 21. Qxb6
axb6 22. Bb7 Rb8 23. e5 Be7 24. a3 Rxb7 25. axb4 Bxb4 26. Rc1 Kg7 27. Rc6 Ba3
28. Rb1 Bf5 29. Rd1 Be4 30. Ne1 b5 31. f3 1-0

[Event "Mondariz 03"]
[Site "Mondariz"]
[Date "1996.??.??"]
[Round "4"]
[White "Hernandez Estevez, Yudania"]
[Black "Cubas Pons, Juan Miguel"]
[Result "1-0"]
[WhiteElo "2245"]
[BlackElo "2165"]
[PlyCount "65"]
[EventDate "1996.03.??"]
[EventType "tourn"]
[EventRounds "9"]
[EventCountry "ESP"]
[EventCategory "4"]
[SourceTitle "EXT 2004"]
[Source "ChessBase"]
[SourceDate "2003.11.25"]
[SourceVersion "1"]
[SourceVersionDate "2003.11.25"]
[SourceQuality "1"]

1. e4 e5 2. Nf3 Nc6 3. Bb5 a6 4. Ba4 Nf6 5. d3 b5 6. Bb3 Bc5 7. O-O Bb7 8. a4
d6 9. Nc3 b4 10. Nd5 Na5 11. Nxf6+ Qxf6 12. Ba2 h6 13. Rb1 Bc8 14. c3 Bg4 15.
Be3 Rb8 16. cxb4 Bxf3 17. gxf3 Bxe3 18. fxe3 Rxb4 19. f4 O-O 20. fxe5 Qg5+ 21.
Kh1 dxe5 22. Rg1 Qxe3 23. Rg3 Qb6 24. Qg4 Qf6 25. Qh3 g5 26. Rf1 Qg6 27. Rgf3
g4 28. Qg3 Nb3 29. Rf6 Qh5 30. R6f5 Qh3 31. Qxe5 Qxd3 32. Rg5+ hxg5 33. Qxg5+
1-0

[Event "Mondariz 03"]
[Site "Mondariz"]
[Date "1996.??.??"]
[Round "5"]
[White "Cubas Pons, Juan Miguel"]
[Black "Ruiz Diez, Julio Cesar"]
[Result "1-0"]
[WhiteElo "2165"]
[BlackElo "2215"]
[PlyCount "73"]
[EventDate "1996.03.??"]
[EventType "tourn"]
[EventRounds "9"]
[EventCountry "ESP"]
[EventCategory "4"]
[SourceTitle "EXT 2004"]
[Source "ChessBase"]
[SourceDate "2003.11.25"]
[SourceVersion "1"]
[SourceVersionDate "2003.11.25"]
[SourceQuality "1"]

1. Nf3 d5 2. d4 Nf6 3. c4 e6 4. Nc3 c6 5. Bg5 Be7 6. e3 O-O 7. Rc1 Nbd7 8. Bd3
b6 9. cxd5 exd5 10. O-O Bb7 11. Qe2 Re8 12. Rfd1 Ne4 13. Bxe4 Bxg5 14. Bd3 Bh6
15. Ba6 Qc8 16. Bd3 Qd8 17. Ba6 Qc8 18. Bxb7 Qxb7 19. b4 Rac8 20. b5 Bf4 21.
bxc6 Qxc6 22. Qa6 Bd6 23. g3 Qa8 24. Nb5 Rxc1 25. Rxc1 Qb8 26. Rc6 Bf8 27. Rc7
Nf6 28. Ne5 Re7 29. Nc6 Qxc7 30. Nxc7 Rxc7 31. Nxa7 Rc1+ 32. Kg2 Rc2 33. Qa4
Rb2 34. Nc8 b5 35. Qa8 g6 36. Ne7+ Kg7 37. Nxd5 1-0

[Event "Mondariz 03"]
[Site "Mondariz"]
[Date "1996.??.??"]
[Round "6"]
[White "Franco Ocampos, Zenon"]
[Black "Cubas Pons, Juan Miguel"]
[Result "1/2-1/2"]
[WhiteElo "2470"]
[BlackElo "2165"]
[PlyCount "119"]
[EventDate "1996.03.??"]
[EventType "tourn"]
[EventRounds "9"]
[EventCountry "ESP"]
[EventCategory "4"]
[SourceTitle "EXT 2004"]
[Source "ChessBase"]
[SourceDate "2003.11.25"]
[SourceVersion "1"]
[SourceVersionDate "2003.11.25"]
[SourceQuality "1"]

1. c4 c6 2. e4 e5 3. Nf3 d6 4. d4 Nd7 5. Nc3 Ngf6 6. Be2 Be7 7. O-O O-O 8. Re1
Re8 9. Bf1 Bf8 10. d5 c5 11. g3 g6 12. Bg5 Nb8 13. a3 Na6 14. Rb1 Be7 15. Bd2
Nh5 16. b4 Bg4 17. h3 Bxf3 18. Qxf3 Bg5 19. Bxg5 Qxg5 20. Bd3 Rf8 21. Bc2 Ng7
22. Ba4 b6 23. Bb5 Nc7 24. Bc6 Rab8 25. Qg4 Qxg4 26. hxg4 f5 27. g5 f4 28. g4
Nge8 29. Kg2 Rf7 30. Red1 Rd8 31. f3 Na6 32. Rb2 Nec7 33. Ne2 Nb8 34. Ba4 Nca6
35. Rdb1 Rc8 36. Rc2 Kf8 37. Nc1 Ke7 38. Nd3 Kd8 39. Bb5 Rfc7 40. Ra2 Rf7 41.
Kf2 Ke7 42. Ke2 h6 43. gxh6 g5 44. Rh1 Rh7 45. Kd1 Rch8 46. Rah2 Kf6 47. Kc2
Kg6 48. Kb3 Nc7 49. bxc5 bxc5 50. Kc3 Rxh6 51. Rxh6+ Rxh6 52. Rb1 Rh7 53. Ba4
Nba6 54. Bd1 Na8 55. Ba4 Nb6 56. Be8+ Kf6 57. a4 Nc8 58. a5 Ne7 59. Ba4 Ng6 60.
Bd1 1/2-1/2

[Event "Mondariz 03"]
[Site "Mondariz"]
[Date "1996.??.??"]
[Round "7"]
[White "Cubas Pons, Juan Miguel"]
[Black "Rodriguez Lopez, Rafael"]
[Result "0-1"]
[WhiteElo "2165"]
[BlackElo "2290"]
[PlyCount "99"]
[EventDate "1996.03.??"]
[EventType "tourn"]
[EventRounds "9"]
[EventCountry "ESP"]
[EventCategory "4"]
[SourceTitle "EXT 2004"]
[Source "ChessBase"]
[SourceDate "2003.11.25"]
[SourceVersion "1"]
[SourceVersionDate "2003.11.25"]
[SourceQuality "1"]

1. Nf3 d6 2. c4 e5 3. Nc3 f5 4. d4 e4 5. Ng5 Be7 6. Nh3 c6 7. g3 Nf6 8. Bg2 O-O
9. O-O Kh8 10. f3 d5 11. cxd5 cxd5 12. Bg5 Nc6 13. Nf4 Ng8 14. Bxe7 Ncxe7 15.
Qb3 Nf6 16. fxe4 fxe4 17. Rac1 b6 18. Nb5 Rg8 19. Nc7 Rb8 20. Qa3 Rb7 21. Nb5
Nf5 22. Bh3 Bd7 23. Bxf5 Bxb5 24. Be6 Re8 25. Rc8 Qe7 26. Rxe8+ Qxe8 27. Nxd5
Qxe6 28. Nxf6 gxf6 29. Qf8+ Qg8 30. Qxf6+ Rg7 31. Qd6 Rf7 32. Qe5+ Rg7 33. Qxb5
Rxg3+ 34. Kh1 Rg5 35. Qb4 e3 36. Qd6 Qa8+ 37. Rf3 Rf5 38. Kg2 Qe4 39. Qb8+ Kg7
40. Qxa7+ Kh6 41. Qxb6+ Kh5 42. h3 Rxf3 43. exf3 Qc2+ 44. Kh1 Qd1+ 45. Kh2 Qe2+
46. Kg3 Qf2+ 47. Kf4 e2 48. Qc5+ Kh4 49. Qe7+ Kxh3 50. Qxh7+ 0-1

[Event "Mondariz 03"]
[Site "Mondariz"]
[Date "1996.??.??"]
[Round "8"]
[White "Cubas Pons, Juan Miguel"]
[Black "Vera Gonzalez Quevedo, Reynaldo"]
[Result "0-1"]
[WhiteElo "2165"]
[BlackElo "2495"]
[PlyCount "78"]
[EventDate "1996.03.??"]
[EventType "tourn"]
[EventRounds "9"]
[EventCountry "ESP"]
[EventCategory "4"]
[SourceTitle "EXT 2004"]
[Source "ChessBase"]
[SourceDate "2003.11.25"]
[SourceVersion "1"]
[SourceVersionDate "2003.11.25"]
[SourceQuality "1"]

1. Nf3 d5 2. d4 Nf6 3. c4 e6 4. Nc3 c6 5. Bg5 Nbd7 6. e3 Qa5 7. Nd2 Bb4 8. Qc2
O-O 9. Be2 e5 10. dxe5 Ne4 11. Ndxe4 dxe4 12. O-O Bxc3 13. bxc3 Qxe5 14. Bf4
Qf5 15. f3 Re8 16. fxe4 Qg6 17. Rad1 Nc5 18. Rd6 Qxe4 19. Bd3 Nxd3 20. Qxd3
Qxd3 21. Rxd3 Be6 22. Rd4 c5 23. Rd2 Bxc4 24. Rfd1 h6 25. h4 b6 26. Rd7 Bb5 27.
R7d6 Kh7 28. R1d2 Re4 29. g4 Bc4 30. g5 hxg5 31. hxg5 Be6 32. Kf2 Ra4 33. Ke1
Kg6 34. Rh2 Ra3 35. Be5 Rg8 36. Bf4 Rxc3 37. Kd2 Rc4 38. Kd3 Ra4 39. Kc3 Ra3+
0-1

[Event "Mondariz 03"]
[Site "Mondariz"]
[Date "1996.??.??"]
[Round "9"]
[White "Rivera Kuzawka, Daniel"]
[Black "Cubas Pons, Juan Miguel"]
[Result "1-0"]
[WhiteElo "2345"]
[BlackElo "2165"]
[PlyCount "59"]
[EventDate "1996.03.??"]
[EventType "tourn"]
[EventRounds "9"]
[EventCountry "ESP"]
[EventCategory "4"]
[SourceTitle "EXT 2004"]
[Source "ChessBase"]
[SourceDate "2003.11.25"]
[SourceVersion "1"]
[SourceVersionDate "2003.11.25"]
[SourceQuality "1"]

1. e4 e5 2. Nf3 Nc6 3. Bb5 a6 4. Ba4 Nf6 5. O-O b5 6. Bb3 Be7 7. Re1 O-O 8. d4
d6 9. c3 Bg4 10. d5 Na5 11. Bc2 c6 12. h3 Bc8 13. b3 cxd5 14. exd5 Bb7 15. c4
Bc8 16. Nc3 Qc7 17. Be3 bxc4 18. b4 Nb7 19. Na4 Nd7 20. Rc1 f5 21. Bb3 f4 22.
Rxc4 Qd8 23. Bc1 Nb6 24. Nxb6 Qxb6 25. Bxf4 Rxf4 26. Rxf4 exf4 27. Rxe7 Bf5 28.
Qd4 Qxd4 29. Nxd4 Bc8 30. Ba4 1-0

[Event "CHI Mayor op"]
[Site "Chile"]
[Date "1997.??.??"]
[Round "?"]
[White "Cubas, Jose Fernando"]
[Black "Jodorcovsky Werjivker, Paulo"]
[Result "1-0"]
[WhiteElo "2110"]
[BlackElo "2295"]
[PlyCount "43"]
[EventDate "1997.??.??"]
[EventType "swiss"]
[EventRounds "11"]
[EventCountry "CHI"]
[SourceTitle "EXT 1999"]
[Source "ChessBase"]
[SourceDate "1998.11.16"]
[SourceVersion "1"]
[SourceVersionDate "1998.11.16"]
[SourceQuality "1"]

1. e4 c5 2. Nc3 Nc6 3. f4 g6 4. Nf3 Bg7 5. Bc4 d6 6. O-O Nf6 7. d3 O-O 8. Qe1
a6 9. a4 Rb8 10. Kh1 Nd4 11. Nxd4 cxd4 12. Nd5 Nxd5 13. Bxd5 Qc7 14. Bd2 Qxc2
15. Rc1 Qxa4 16. f5 Qe8 17. Qh4 Kh8 18. Rf3 Bf6 19. Bg5 Bxg5 20. Qxg5 e6 21.
Qh6 f6 22. fxg6 1-0

[Event "CHI Mayor op"]
[Site "Chile"]
[Date "1997.??.??"]
[Round "?"]
[White "Cubas, Jose Fernando"]
[Black "Lipiniks, Leonardo"]
[Result "1-0"]
[WhiteElo "2110"]
[BlackElo "2155"]
[PlyCount "65"]
[EventDate "1997.??.??"]
[EventType "swiss"]
[EventRounds "11"]
[EventCountry "CHI"]
[SourceTitle "EXT 1999"]
[Source "ChessBase"]
[SourceDate "1998.11.16"]
[SourceVersion "1"]
[SourceVersionDate "1998.11.16"]
[SourceQuality "1"]

1. e4 e5 2. Nf3 Nc6 3. Bc4 Nf6 4. Nc3 Be7 5. O-O O-O 6. d4 d6 7. h3 Nxe4 8.
Nxe4 d5 9. Bxd5 Qxd5 10. Nc3 Qd6 11. dxe5 Nxe5 12. Nxe5 Qxe5 13. Re1 Qd6 14.
Nd5 Bd8 15. Bf4 Qg6 16. Re3 c6 17. Nc7 Bxc7 18. Bxc7 Bf5 19. Qd4 Qh6 20. c3
Rac8 21. Bf4 Qh4 22. Qe5 Bg6 23. Rd1 f6 24. Qd6 Qh5 25. Re7 Qb5 26. Qe6+ Kh8
27. Rdd7 Qh5 28. Rxb7 Bf5 29. Qe3 Rcd8 30. Rxg7 Rd1+ 31. Kh2 Rd3 32. Qe7 Rfd8
33. Rg8+ 1-0

[Event "CHI Mayor op"]
[Site "Chile"]
[Date "1997.??.??"]
[Round "?"]
[White "Cubas, Jose Fernando"]
[Black "Peralta, Eduardo"]
[Result "1/2-1/2"]
[WhiteElo "2110"]
[BlackElo "2340"]
[PlyCount "92"]
[EventDate "1997.??.??"]
[EventType "swiss"]
[EventRounds "11"]
[EventCountry "CHI"]
[SourceTitle "EXT 1999"]
[Source "ChessBase"]
[SourceDate "1998.11.16"]
[SourceVersion "1"]
[SourceVersionDate "1998.11.16"]
[SourceQuality "1"]

1. e4 c5 2. Nc3 Nc6 3. f4 e6 4. Nf3 d5 5. e5 a6 6. g3 Nge7 7. Bg2 Nf5 8. Ne2 h5
9. h3 Be7 10. O-O Bd7 11. c3 d4 12. d3 Qb6 13. Qb3 Qa7 14. cxd4 cxd4 15. Bd2
O-O-O 16. Rac1 Kb8 17. Ng5 Rc8 18. Nxf7 Rhf8 19. Ng5 h4 20. Nxe6 Rfe8 21. g4
Ne3 22. Bxe3 dxe3 23. Nxg7 Nd4 24. Nxd4 e2 25. Qxb7+ Qxb7 26. Bxb7 exf1=Q+ 27.
Rxf1 Bc5 28. Nxe8 Bxd4+ 29. Kh1 Rxe8 30. Bxa6 Ka7 31. Bc4 Bc6+ 32. Kh2 Bxb2 33.
g5 Rb8 34. Bb3 Rf8 35. Rf2 Bxe5 36. d4 Rxf4 37. Rxf4 Bxf4+ 38. Kg1 Be3+ 39. Kf1
Bxg5 40. d5 Bb5+ 41. Kf2 Be7 42. Kf3 Kb6 43. a4 Ba6 44. Kg4 Kc5 45. Kf5 Bd3+
46. Kg4 Kd4 {termino en la 57. .. 47.d6(?) Be2 48.Kf5 Bd6 49.Kf6 Bf1 50.d6(?)
Be7 51.Ke7 Bh3 52.Kf6 Bd7 53.Bd1 h3 54.Bf3 Ba4 55.Kg5 Ke3 56.Kg4 Bd7 57.Kg3
Ke3(?) es lo que se entiende} 1/2-1/2

[Event "CHI Mayor op"]
[Site "Chile"]
[Date "1997.??.??"]
[Round "?"]
[White "Cubas, Jose Fernando"]
[Black "Riline Orso, Alejandro"]
[Result "1/2-1/2"]
[WhiteElo "2110"]
[BlackElo "2250"]
[PlyCount "27"]
[EventDate "1997.??.??"]
[EventType "swiss"]
[EventRounds "11"]
[EventCountry "CHI"]
[SourceTitle "EXT 1999"]
[Source "ChessBase"]
[SourceDate "1998.11.16"]
[SourceVersion "1"]
[SourceVersionDate "1998.11.16"]
[SourceQuality "1"]

1. e4 c5 2. Nc3 Nc6 3. f4 g6 4. Nf3 Bg7 5. g3 e6 6. Bg2 d6 7. d3 Nge7 8. O-O
O-O 9. Be3 Nd4 10. Bf2 Nec6 11. Qd2 Bd7 12. Nxd4 Nxd4 13. Nd1 Rb8 14. c3
1/2-1/2

[Event "CHI Mayor op"]
[Site "Chile"]
[Date "1997.??.??"]
[Round "?"]
[White "Figari, Esteban"]
[Black "Cubas, Jose Fernando"]
[Result "0-1"]
[WhiteElo "2045"]
[BlackElo "2110"]
[PlyCount "94"]
[EventDate "1997.??.??"]
[EventType "swiss"]
[EventRounds "11"]
[EventCountry "CHI"]
[SourceTitle "EXT 1999"]
[Source "ChessBase"]
[SourceDate "1998.11.16"]
[SourceVersion "1"]
[SourceVersionDate "1998.11.16"]
[SourceQuality "1"]

1. e4 c5 2. Nf3 d6 3. d4 cxd4 4. Nxd4 Nf6 5. Nc3 a6 6. Be2 e5 7. Nb3 Be7 8. O-O
Be6 9. Be3 Qc7 10. f3 b5 11. Qd2 Nbd7 12. Rfd1 O-O 13. Rac1 Nb6 14. Kh1 b4 15.
Bxb6 Qxb6 16. Nd5 Bxd5 17. exd5 a5 18. Qd3 Rfc8 19. c4 bxc3 20. bxc3 Nd7 21.
Rb1 Qc7 22. c4 a4 23. Nd2 Nc5 24. Qa3 Rcb8 25. Rb5 Bg5 26. Nb1 e4 27. Nc3 exf3
28. Bxf3 Re8 29. Rxc5 dxc5 30. Ne4 Be7 31. Rf1 Bd6 32. Qd3 Qe7 33. g3 Rab8 34.
Rf2 Qe5 35. Re2 Re7 36. Qc2 a3 37. Rf2 Rb2 38. Qa4 f5 39. Qa8+ Re8 40. Qxa3
Rb1+ 41. Kg2 fxe4 42. Bg4 e3 43. Re2 Kh8 44. Be6 Qe4+ 45. Kh3 Rxe6 46. dxe6
Qf5+ 47. g4 Qf3+ 0-1

[Event "CHI Mayor op"]
[Site "Chile"]
[Date "1997.??.??"]
[Round "?"]
[White "Santacruz, Cesar S"]
[Black "Cubas, Jose Fernando"]
[Result "1-0"]
[WhiteElo "2300"]
[BlackElo "2110"]
[PlyCount "81"]
[EventDate "1997.??.??"]
[EventType "swiss"]
[EventRounds "11"]
[EventCountry "CHI"]
[SourceTitle "EXT 1999"]
[Source "ChessBase"]
[SourceDate "1998.11.16"]
[SourceVersion "1"]
[SourceVersionDate "1998.11.16"]
[SourceQuality "1"]

1. e4 c5 2. Nf3 d6 3. d4 cxd4 4. Nxd4 Nf6 5. Nc3 a6 6. Bg5 e6 7. f4 Bd7 8. Qe2
Be7 9. O-O-O h6 10. Bh4 Nc6 11. Nf3 Qa5 12. Be1 Qc7 13. g4 Nxg4 14. Rg1 Nf6 15.
Rxg7 Nh5 16. Rg4 O-O-O 17. Bd2 Rhg8 18. Rxg8 Rxg8 19. Be3 Qa5 20. Nd2 Nf6 21.
Nc4 Qc7 22. Nb6+ Kb8 23. Nxd7+ Nxd7 24. Qh5 Nd8 25. Bd4 Rg6 26. Bh3 Nf6 27. Qe2
Qa5 28. f5 Rg8 29. e5 Nd7 30. exd6 Bxd6 31. fxe6 fxe6 32. Be3 Qc7 33. Qd2 Bc5
34. Bxh6 Nb6 35. Bf4 e5 36. Bg3 Nc4 37. Qd5 Rf8 38. Qd7 Be3+ 39. Kb1 Qb6 40.
Qc8+ Ka7 41. Qxc4 1-0

[Event "Pan American-ch U26"]
[Site "Buenos Aires"]
[Date "1997.??.??"]
[Round "2"]
[White "Raineri de Luca, Pablo"]
[Black "Cubas, Jose Fernando"]
[Result "1/2-1/2"]
[WhiteElo "2095"]
[BlackElo "2110"]
[PlyCount "90"]
[EventDate "1997.??.??"]
[EventType "swiss"]
[EventRounds "11"]
[EventCountry "ARG"]
[SourceTitle "EXT 2001"]
[Source "ChessBase"]
[SourceDate "2000.11.22"]
[SourceVersion "1"]
[SourceVersionDate "2000.11.22"]
[SourceQuality "1"]

1. d4 d5 2. Nf3 c6 3. c4 e6 4. Nc3 dxc4 5. a4 Bb4 6. e3 b5 7. Be2 Bb7 8. O-O a6
9. Qc2 Nf6 10. Rd1 Nbd7 11. b3 cxb3 12. Qxb3 Be7 13. e4 O-O 14. e5 Nd5 15. Nxd5
exd5 16. Qb1 Re8 17. Qf5 Nf8 18. Qg4 Bc8 19. Qg3 Bf5 20. h4 Ne6 21. h5 Kh8 22.
Nh2 b4 23. Qb3 Qb6 24. Be3 Bg5 25. a5 Qb7 26. Bxg5 Nxg5 27. g4 Be6 28. Ra4 c5
29. f4 c4 30. Qxb4 Qxb4 31. Rxb4 Nh3+ 32. Kf1 Nxf4 33. Rb6 Rec8 34. Ke1 Kg8 35.
Bf1 Bd7 36. Kd2 Rcb8 37. Rdb1 Bb5 38. Rxb8+ Rxb8 39. Kc3 Kf8 40. Nf3 Ke7 41.
Nh4 g6 42. hxg6 hxg6 43. Ng2 Ne6 44. Ne3 Nf4 45. Ng2 Ne6 1/2-1/2

[Event "Pan American-ch U26"]
[Site "Buenos Aires"]
[Date "1997.??.??"]
[Round "7"]
[White "Cubas, Jose Fernando"]
[Black "Peralta, Fernando"]
[Result "1/2-1/2"]
[WhiteElo "2110"]
[BlackElo "2310"]
[PlyCount "42"]
[EventDate "1997.??.??"]
[EventType "swiss"]
[EventRounds "11"]
[EventCountry "ARG"]
[SourceTitle "EXT 2001"]
[Source "ChessBase"]
[SourceDate "2000.11.22"]
[SourceVersion "1"]
[SourceVersionDate "2000.11.22"]
[SourceQuality "1"]

1. e4 g6 2. d4 Bg7 3. c4 d6 4. Nc3 Nf6 5. Bd3 O-O 6. Nge2 Nc6 7. f3 Nd7 8. Be3
e5 9. d5 Ne7 10. Qd2 f5 11. exf5 Nxf5 12. Bg5 Bf6 13. Ne4 Bxg5 14. Nxg5 Nc5 15.
Bc2 Nd4 16. Nxd4 exd4 17. O-O-O d3 18. Bb1 Qf6 19. Ne4 Nxe4 20. fxe4 Bg4 21.
Rde1 Rae8 1/2-1/2

[Event "Pan American-ch U26"]
[Site "Buenos Aires"]
[Date "1997.??.??"]
[Round "8"]
[White "Bernard, Ignacio"]
[Black "Cubas, Jose Fernando"]
[Result "1-0"]
[WhiteElo "2245"]
[BlackElo "2110"]
[PlyCount "69"]
[EventDate "1997.??.??"]
[EventType "swiss"]
[EventRounds "11"]
[EventCountry "ARG"]
[SourceTitle "EXT 2001"]
[Source "ChessBase"]
[SourceDate "2000.11.22"]
[SourceVersion "1"]
[SourceVersionDate "2000.11.22"]
[SourceQuality "1"]

1. e4 c5 2. f4 Nc6 3. Nf3 g6 4. d3 Bg7 5. g3 e6 6. Bg2 Nge7 7. O-O O-O 8. c3 d6
9. Be3 b6 10. Bf2 Rb8 11. Re1 Bb7 12. d4 cxd4 13. cxd4 d5 14. e5 Qd7 15. Nc3
Rfc8 16. g4 Ba6 17. Bh4 Na5 18. Qd2 Nec6 19. b3 Nb4 20. Re3 Rc6 21. Bf1 Bxf1
22. Rxf1 Rbc8 23. Nd1 Bf8 24. Bf6 Rc2 25. Qe1 Rxa2 26. Qh4 Rcc2 27. Nf2 Rab2
28. Ng5 h6 29. Rh3 Qb5 30. Nf3 Rxf2 31. Rxf2 Rxf2 32. Kxf2 Nd3+ 33. Kg3 Nxf4
34. Qxh6 Ne2+ 35. Kf2 1-0

[Event "Pan American-ch U26"]
[Site "Buenos Aires"]
[Date "1997.??.??"]
[Round "10"]
[White "Cubas, Jose Fernando"]
[Black "Uribe, Mauricio"]
[Result "1/2-1/2"]
[WhiteElo "2110"]
[BlackElo "2245"]
[PlyCount "21"]
[EventDate "1997.??.??"]
[EventType "swiss"]
[EventRounds "11"]
[EventCountry "ARG"]
[SourceTitle "EXT 2001"]
[Source "ChessBase"]
[SourceDate "2000.11.22"]
[SourceVersion "1"]
[SourceVersionDate "2000.11.22"]
[SourceQuality "1"]

1. e4 c5 2. Nc3 Nc6 3. f4 d6 4. Nf3 g6 5. Bc4 Bg7 6. O-O e6 7. d3 Nge7 8. Qe1
O-O 9. Bb3 Nd4 10. Nxd4 Bxd4+ 11. Be3 1/2-1/2

[Event "Pan American-ch U26"]
[Site "Buenos Aires"]
[Date "1997.??.??"]
[Round "11"]
[White "Moreda, Lucas"]
[Black "Cubas, Jose Fernando"]
[Result "1/2-1/2"]
[WhiteElo "2275"]
[BlackElo "2110"]
[PlyCount "110"]
[EventDate "1997.??.??"]
[EventType "swiss"]
[EventRounds "11"]
[EventCountry "ARG"]
[SourceTitle "EXT 2001"]
[Source "ChessBase"]
[SourceDate "2000.11.22"]
[SourceVersion "1"]
[SourceVersionDate "2000.11.22"]
[SourceQuality "1"]

1. e4 c5 2. c3 Nf6 3. Qc2 e6 4. f4 Nc6 5. Nf3 Be7 6. Be2 O-O 7. O-O Qc7 8. d3
d6 9. Na3 Rb8 10. h3 b5 11. g4 d5 12. e5 Nd7 13. d4 b4 14. Nb5 Qb6 15. Be3 Ba6
16. dxc5 Bxc5 17. Nbd4 Bxe2 18. Qxe2 bxc3 19. bxc3 Qb2 20. Qd3 Bxd4 21. cxd4
Nb4 22. Qd2 Qa3 23. f5 Nc2 24. Qxc2 Qxe3+ 25. Qf2 Qf4 26. Qh2 Qxh2+ 27. Kxh2
Rb2+ 28. Kg3 Nb6 29. Rfb1 Rxb1 30. Rxb1 Rc8 31. Rb5 h6 32. Ra5 Rc7 33. Rc5 Na8
34. Kf4 Kf8 35. Rb5 Nb6 36. f6 Kg8 37. h4 Rc4 38. Ra5 Ra4 39. Rc5 Rc4 40. Rb5
Kh7 41. Rc5 Kg8 42. h5 Kh7 43. g5 hxg5+ 44. Nxg5+ Kg8 45. Rxc4 dxc4 46. fxg7
Kxg7 47. h6+ Kxh6 48. Nxf7+ Kg6 49. Nd6 Nd5+ 50. Kf3 c3 51. Ke2 Nb4 52. Nb5
Nxa2 53. Kd3 Kf5 54. Nxa7 c2 55. Kxc2 Ke4 1/2-1/2

[Event "WchT U26"]
[Site "Roque Saenz Pena"]
[Date "1997.??.??"]
[Round "2"]
[White "Cubas, Jose Fernando"]
[Black "Ramirez, Carlos"]
[Result "1-0"]
[WhiteElo "2110"]
[BlackElo "2320"]
[PlyCount "65"]
[EventDate "1997.??.??"]
[EventType "team"]
[EventRounds "9"]
[EventCountry "ARG"]
[SourceTitle "EXT 1998"]
[Source "ChessBase"]
[SourceDate "1997.11.17"]
[SourceVersion "1"]
[SourceVersionDate "1997.11.17"]
[SourceQuality "1"]

1. e4 c5 2. Nc3 Nc6 3. f4 e6 4. Nf3 g6 5. g3 Nge7 6. Bg2 Bg7 7. O-O O-O 8. d3
d5 9. e5 a6 10. g4 b5 11. d4 cxd4 12. Nxd4 Nxd4 13. Qxd4 Nc6 14. Qf2 Qc7 15.
Be3 Bd7 16. Rad1 Ne7 17. Bc5 Bc6 18. Ne2 Rfe8 19. Nd4 Bd7 20. Bd6 Qb6 21. b4
Rac8 22. Kh1 Rc4 23. f5 exf5 24. Bxe7 Rxe7 25. Nxf5 Re6 26. Ne7+ Kh8 27. Qxf7
Qd8 28. Nxd5 Qe8 29. Nb6 Qxf7 30. Rxf7 Be8 31. Nxc4 Bxf7 32. Rd8+ Re8 33. Nd6
1-0

[Event "WchT U26"]
[Site "Roque Saenz Pena"]
[Date "1997.??.??"]
[Round "3"]
[White "Cubas, Jose Fernando"]
[Black "Esplana, Christian"]
[Result "0-1"]
[WhiteElo "2110"]
[BlackElo "2055"]
[PlyCount "94"]
[EventDate "1997.??.??"]
[EventType "team"]
[EventRounds "9"]
[EventCountry "ARG"]
[SourceTitle "EXT 1998"]
[Source "ChessBase"]
[SourceDate "1997.11.17"]
[SourceVersion "1"]
[SourceVersionDate "1997.11.17"]
[SourceQuality "1"]

1. e4 c5 2. Nc3 Nc6 3. f4 e6 4. Nf3 g6 5. g3 Bg7 6. Bg2 Nge7 7. O-O d6 8. d3
O-O 9. Be3 Nd4 10. Bf2 Bd7 11. Nxd4 cxd4 12. Ne2 Nc6 13. c3 dxc3 14. bxc3 Rc8
15. Rb1 b6 16. Qd2 Qe7 17. Rfc1 Rc7 18. d4 Na5 19. Qd3 Nc4 20. g4 Rfc8 21. Ng3
Qe8 22. Be1 Bb5 23. Qd1 Ne3 24. Qd2 Nxg4 25. h3 Nh6 26. f5 exf5 27. exf5 Nxf5
28. Nxf5 gxf5 29. Bg3 Qe2 30. Qg5 h6 31. Qf4 Rxc3 32. Re1 Qc4 33. Bf2 Bc6 34.
Bxc6 Qxc6 35. Qxf5 Rf3 36. Qh5 Rf6 37. d5 Qd7 38. Rb3 Rc2 39. Rf3 Rg6+ 40. Kh1
Rxa2 41. Rg1 Rxg1+ 42. Bxg1 Ra1 43. Rg3 Qe7 44. Qg4 Qe5 45. Qc8+ Kh7 46. Qc2+
f5 47. Kh2 Rxg1 0-1